Aninated Inanimate Battle Character quiz - Statistics

General Stats
  • This quiz has been taken 123 times
  • The average score is 50 of 63
Answer Stats
Team Answer % Correct
None Oodle
94%
None Tivo
90%
Team 4 Alef
89%
Team 1 Blanket
89%
Team 3 Bone
87%
Team 1 Coconut
87%
Team 4 Nabla
87%
Team 1 Album
85%
Team 1 Glowstick
85%
Team 4 Ketchup
85%
Team 5 Domino
84%
Team 5 Pitchfork
84%
Team 4 Toothpick
84%
Team 4 Whoopee Cushion
84%
Team 2 Can
82%
Team 4 Frisbee
82%
Team 6 Orange Food Dye
82%
Team 6 Yellow Food Dye
82%
Team 5 Fireball
81%
Team 6 Glassy
81%
Team 4 Glue
81%
Team 4 Lyre
81%
Team 5 Pear
81%
Team 6 Raisin
81%
Team 6 Shot Put
81%
Team 3 Telescope
81%
Team 5 Antimatter
79%
Team 4 Leek
79%
Team 6 Nacho
79%
Team 1 Pill
79%
Team 6 Showery
79%
Team 2 Sock
79%
Team 5 Apricot
77%
Team 2 Bouncy Ball
77%
Team 5 Creamy
77%
Team 4 Envelope
77%
Team 3 Farty
77%
Team 1 Flaggy
77%
Team 2 Jelly
77%
Team 3 Mitten
77%
Team 1 Roe
77%
Team 2 Safe
77%
Team 1 Bacon
76%
Team 1 Candle
76%
Team 1 Chocolate Chip
76%
Team 6 Glove
76%
Team 5 Gold Nugget
76%
Team 6 Popsicle Stick
76%
Team 3 Recycling Bin
76%
Team 3 Salami
76%
Team 2 Yarn
76%
Team 5 Filmy
74%
Team 2 Hanger
74%
Team 6 Package
74%
Team 2 Brain
73%
Team 3 Brick
73%
Team 2 Hailstone
73%
Team 3 Nine
71%
Team 3 Teabag
71%
Team 2 Chalk
69%
Team 3 Cork
69%
Team 5 Chip Bag
68%
None Tumbleweed
60%
No matching quizzes found
Score Distribution
Percent of People with Each Score
Percentile by Number Answered
Your Score History
You have not taken this quiz